000 01280nam0a22002891 4500
001 rc\261230
005 20260528105010.0
035 _a(NLR Aleph) 005534179
090 _a5641389
_c5641389
100 _a20030307d1990 u |0rusy50 ca
101 0 _arus
102 _aRU
105 _ay |||||||||
200 1 _aО возможности реализации биполярной модели высокотемпературной сверхпроводимости в биополимерных системах
_fА.С. Александров, А.Д. Ариничев, В.В. Самедов
210 _aМ.
_cМИФИ
_d1990
215 _a11 с.
_d20
225 1 _aПрепринт
_fГос. ком. СССР по нар. образованию, Моск. инж.-физ. ин-т
_v040-90
320 _aБиблиогр.: с. 9-10
700 1 _aАлександров
_bА. С.
_cд-р физ.-мат. наук, сверхпроводимость
_f1946-2012
_gАлександр Сергеевич
_3RU\NLR\AUTH\770294273
701 1 _aАриничев
_bА. Д.
701 1 _aСамедов
_bВ. В.
_gВиктор Витальевич
801 0 _aRU
_bNLR
_gpsbo
801 1 _aRU
_bELAR
_2rusmarc
852 _aNLR
_j90-4/10234
942 _cBOOK
980 _aNB